000 00723nam a2200217 a 4500
001 BRCA_4799
005 20190320204818.0
008 111010c1944----sz-af#####---#000-0#fre-#
041 _afre
044 _asz
050 4 _aND665
_b.B39 1944
100 1 _aBazin, Germain René Michel
_d1901-1990
_99325
245 1 0 _aL´école provencale
_bsiécles XIV, XV
_cTexte de Germain Bazin.
260 _aSuiza
_bSkira
_c1944
300 _a1 v. (sin paginación)
_bil., 7 láminas a color
_c40 cm.
440 0 _aLes trésors de la peinture francaise
_912155
600 1 4 _aBazin, Germain René Michel
_d1901-1990
_99325
650 1 4 _aPintura flamenca
_vCatálogos
_912156
651 4 _aSuiza
_vExposiciones
_xArte
_912157
942 _2lcc
_cB
999 _c4496
_d4496